000 00299nam a22001097a 4500
082 _a621.381
_bC76
100 1 _aReyes, Jed V.
245 _aConstruction of color television trainer
260 _aMorong, Rizal
_b[publisher not identified]
_c2006
300 _a63 leaves :
_billustrations ; 28 cm.
942 _cT
999 _c62
_d62